002270000a220007300045001000029000002450030000293000047000597730047001061 aGillmayr Buchel, Susanne10aBody images in the Psalms aVol. 28, Núm 3 (2004), Páginas 301-3260 tJournal for the Study of the Old Testament